| 000 | 00482nam a22001337a 4500 | ||
|---|---|---|---|
| 008 | 090204t xxu||||| |||| 00| 0 eng d | ||
| 082 |
_222 _a004.03 _bCOM |
||
| 245 |
_aA Glossary of Computing Terms / _cedited by The British Computer Society Schools Committee Glossary Working Party |
||
| 250 | _a 7th ed. | ||
| 260 |
_aLondon : _bPitman on behalf of the British Computer Society, _c1991 |
||
| 300 |
_aviii,149p. : _b ill. ; _c21cm. |
||
| 500 | _a Includes index. | ||
| 942 |
_2ddc _cBB |
||
| 999 |
_c10677 _d10677 |
||